000 00770nam a22002177a 4500
999 _c10899
_d10899
003 AR-CdUCM
008 190402b ||||| |||| 00| 0 spa d
040 _aMUNICIPALIDAD PROVINCIAL DEL CUSCO
_cBIBLIOTECA MUNICIPAL DEL CUSCO
082 _a700 /
_bR31 / 1954
100 _aRead, Herbert
_921837
245 _aEl significado del arte /
260 _aBuenos Aires :
_bLosada,
_c1954.
300 _a199 paginas ;
_c21 cm.
505 _aContenido : Definición del arte -- El sentido de la belleza -- Definición de la belleza -- Distinción entre arte y la belleza -- El arte como intuición ...
650 _aArte
_9561
650 _aBelleza
_92629
650 _aDibujo
_913086
700 _aAcevedo de Borges, Leonor
_927965
942 _2ddc
_cLIBROS
945 _arah